[Event "AUTO-OPEN-940"]
[Site "http://www.queenalice.com/game.php?id=322850"]
[Date "2007.12.19"]
[Round "1"]
[White "yanpom"]
[Black "DEMETRIO"]
[Result "1-0"]
[WhiteElo "1809"]
[BlackElo "1666"]

1. e4 e5 2. Nf3 d6 3. h3 a6 4. Bc4 Nh6 5. d3 Qd7 6. Nc3 b5 7. Bb3 g6 8. Nd5 Ng8
9. Bg5 Bg7 10. Nh2 h6 11. Be3 Bb7 12. Qf3 f5 13. exf5 gxf5 14. Nf6+ Nxf6 15.
Qxb7 Qc6 16. Qc8+ Ke7 17. Qe6+ Kd8 18. Qxf5 Nbd7 19. Ng4 Qxg2 20. O-O-O Nxg4 21.
hxg4 Rf8 22. Qg6 Bf6 23. Rxh6 Nc5 24. Bxc5 dxc5 25. Qe4 Bg5+ 26. Kb1 Qxe4 27.
dxe4+ 1-0

[Event "AUTO-OPEN-940"]
[Site "http://www.queenalice.com/game.php?id=322853"]
[Date "2007.12.19"]
[Round "1"]
[White "DEMETRIO"]
[Black "Ikki_de_Fenix"]
[Result "0-1"]
[WhiteElo "1497"]
[BlackElo "2136"]

1. e4 c5 2. c4 Nc6 3. Nf3 d6 4. d3 g6 5. h3 Bg7 6. Nc3 Nf6 7. g4 h5 8. Bg2 hxg4
9. hxg4 Rxh1+ 10. Bxh1 Bxg4 11. Be3 Qd7 12. Ne2 O-O-O 13. Ng5 Rh8 14. Kd2 Qe8
15. f3 Bd7 16. Nf4 Nh5 17. Nxh5 Rxh5 18. f4 Rh2+ 0-1

[Event "AUTO-OPEN-940"]
[Site "http://www.queenalice.com/game.php?id=322854"]
[Date "2007.12.19"]
[Round "1"]
[White "Ikki_de_Fenix"]
[Black "DEMETRIO"]
[Result "1-0"]
[WhiteElo "2135"]
[BlackElo "1497"]

1. d4 d5 2. c4 e6 3. Nf3 dxc4 4. e3 c5 5. Bxc4 Nc6 6. O-O Nf6 7. a3 Bd6 8. dxc5
Bxc5 9. b4 Qxd1 10. Rxd1 Bb6 11. Bb2 O-O 12. Nc3 a5 13. b5 Ne7 14. a4 Ng6 15.
Rac1 e5 16. Nd5 Nxd5 17. Bxd5 Ne7 18. Bb3 1-0

[Event "AUTO-OPEN-945"]
[Site "http://www.queenalice.com/game.php?id=324897"]
[Date "2007.12.23"]
[Round "1"]
[White "Horial"]
[Black "DEMETRIO"]
[Result "1-0"]
[WhiteElo "1848"]
[BlackElo "1449"]

1. e4 e5 2. Nf3 Nc6 3. Bb5 f6 4. c3 a6 5. Ba4 b5 6. Bb3 Nh6 7. d4 exd4 8. cxd4
d6 9. O-O Bb7 10. Nc3 Qd7 11. e5 fxe5 12. dxe5 Nxe5 13. Nxe5 dxe5 14. Qh5+ 1-0

[Event "AUTO-OPEN-945"]
[Site "http://www.queenalice.com/game.php?id=324898"]
[Date "2007.12.23"]
[Round "1"]
[White "DEMETRIO"]
[Black "Horial"]
[Result "0-1"]
[WhiteElo "1449"]
[BlackElo "1850"]

1. e4 e5 2. Nf3 Nc6 3. d3 Nf6 4. Nc3 Bb4 5. a3 Ba5 6. b4 Bb6 7. g3 d6 8. Bg2 Bg4
9. h3 Bh5 10. g4 Bg6 11. O-O O-O 12. Nd5 Ne7 13. Nxf6+ gxf6 14. g5 fxg5 0-1

[Event "AUTO-OPEN-945"]
[Site "http://www.queenalice.com/game.php?id=324919"]
[Date "2007.12.23"]
[Round "1"]
[White "DEMETRIO"]
[Black "Casemiro"]
[Result "0-1"]
[WhiteElo "1449"]
[BlackElo "1907"]

1. e4 e5 2. Nf3 Nf6 3. Nc3 Bc5 4. Bc4 d6 5. Ng5 Rf8 6. d3 h6 7. Nf3 a6 8. a3 Nc6
9. Be3 Bxe3 10. fxe3 Qe7 11. d4 b5 12. Bd5 Bb7 0-1

[Event "AUTO-OPEN-945"]
[Site "http://www.queenalice.com/game.php?id=324920"]
[Date "2007.12.23"]
[Round "1"]
[White "Casemiro"]
[Black "DEMETRIO"]
[Result "1-0"]
[WhiteElo "1905"]
[BlackElo "1449"]

1. e4 e5 2. Nf3 Nc6 3. Bc4 Nh6 4. d3 g6 5. Nc3 Bc5 6. Bxh6 Nd4 7. Nxe5 Qf6 8.
Nf3 Nxf3+ 9. gxf3 g5 10. Nd5 Qd4 11. Rf1 Qe5 12. Rh1 Kd8 13. Qd2 Rg8 14. O-O-O
1-0

[Event "AUTO-OPEN-955"]
[Site "http://www.queenalice.com/game.php?id=330015"]
[Date "2008.1.3"]
[Round "1"]
[White "silverado"]
[Black "DEMETRIO"]
[Result "0-1"]
[WhiteElo "1710"]
[BlackElo "1675"]

1. e4 e5 2. Nf3 Nc6 3. Nc3 b6 4. Nd5 Nf6 5. Bc4 h6 6. d3 Bc5 7. h3 Nxd5 8. exd5
Nd4 9. Nxe5 Qf6 10. f4 Qh4+ 11. Kf1 Nf5 12. Qe2 Ng3+ 0-1

[Event "AUTO-OPEN-955"]
[Site "http://www.queenalice.com/game.php?id=330016"]
[Date "2008.1.3"]
[Round "1"]
[White "DEMETRIO"]
[Black "silverado"]
[Result "0-1"]
[WhiteElo "1583"]
[BlackElo "1717"]

1. e4 e5 2. Nf3 Nc6 3. g3 Nf6 4. d3 d5 5. exd5 Qxd5 6. c4 Bb4+ 7. Nc3 Qa5 8. Bd2
Bg4 9. Bg2 Nd4 10. h3 Bxf3 11. Bxf3 c6 0-1